000 00485nam a22001457a 4500
003 OSt
005 20240425114530.0
008 240425b |||||||| |||| 00| 0 eng d
040 _cMRSPTU
100 _aVivekananda, Swami ( विवेकानन्द, स्वामी)
245 _aVivekananda Rashtra Ko Ahvan (विवेकानन्द राष्ट्र को आह्वान )
260 _aNagpur
_bRam Krishan Muth
_c2023
300 _a76
942 _2ddc
_cBK
_n0
999 _c10137
_d10137